000 00838cam a2200253 i 4500
001 7147
003 Mx-PuUPA
005 20230810125232.0
008 140415s2014 mx fr 000 0 spa d
020 _a9786079117078
040 _aMx-PuUPA
_bspa
_cMx-PuUPA
_dMx-PuUPA
_erda
041 0 _aspa
100 1 _aGonzález Emigdio, Anatolio,
_eautor
_99583
245 1 0 _aDiccionario de grafoscopía y documentoscopía /
_cAnatolio González Emigdio
264 1 _aMéxico :
_bInstituto Nacional de Desarrollo Jurídico,
_c2014
300 _a391 páginas ;
_c22 cm
336 _atexto
_2rdacontent
_btxt
337 _asin medio
_2rdamedia
_bn
338 _avolumen
_2rdacarrier
_bnc
650 7 _aGrafología
_vDiccionarios
_2armarc
942 _2ddc
_cLI
_h363.256503
_iG642
999 _c7147
_d7147